| 000 | 00616nam a2200205Ia 4500 | ||
|---|---|---|---|
| 001 | 5151 | ||
| 003 | GE_BSU | ||
| 008 | 181216s||||||||xx |||||||||||||| ||und|| | ||
| 040 | _cGE_BSU | ||
| 080 | _a81:512 | ||
| 100 | _aГросс, М.; Лантен | ||
| 245 | _aТеория формальных грамматик | ||
| 245 | _cПод ред. А.В. Гладкого. Пер. сфранцузского И.А. Мельчука | ||
| 260 | _aМосква | ||
| 260 | _bМир, | ||
| 260 | _c1971 | ||
| 300 | _a294 с 22 см | ||
| 653 | _aТеория формальных грамматик' | ||
| 942 | _cBK | ||
| 999 |
_c38795 _d38795 |
||